[Event "Challenge"]
[Site "http://www.queenalice.com/game.php?id=549955"]
[Date "2009.3.4"]
[Round "-"]
[White "kievelrs"]
[Black "keylanaiumi"]
[Result "1-0"]
[WhiteElo "1775"]
[BlackElo "1513"]

1. e4 c6 2. Bc4 d5 3. exd5 cxd5 4. Bb3 Nf6 5. f3 Bf5 6. d3 e6 7. c4 Nc6 8. g4
Bg6 9. a3 Bd6 10. cxd5 exd5 11. Bg5 Be7 12. Ne2 O-O 13. Bxf6 1-0

[Event "AUTO-INT-1621"]
[Site "http://www.queenalice.com/game.php?id=737181"]
[Date "2010.2.24"]
[Round "1"]
[White "Panzer85"]
[Black "keylanaiumi"]
[Result "0-1"]
[WhiteElo "1708"]
[BlackElo "1495"]

1. e4 c6 2. Nf3 d5 3. Nc3 Bg4 4. h3 Bxf3 5. Qxf3 e6 6. d4 Nf6 7. e5 Nfd7 8. Bd3
c5 9. Be3 Nc6 10. dxc5 Ndxe5 11. Qg3 Nxd3+ 12. cxd3 d4 13. Bxd4 Nxd4 14. O-O Nf5
15. Qf3 Bxc5 16. Qxb7 O-O 17. g4 Nh4 18. Rad1 Rb8 19. Qc6 Qf6 20. Qxc5 Qf3 21.
Qc6 Qxc6 22. Ne4 f5 23. Rc1 Qb7 24. f3 fxe4 25. fxe4 Qxb2 26. a4 Qg2# 0-1

[Event "AUTO-INT-1621"]
[Site "http://www.queenalice.com/game.php?id=737182"]
[Date "2010.2.24"]
[Round "1"]
[White "keylanaiumi"]
[Black "Panzer85"]
[Result "1-0"]
[WhiteElo "1563"]
[BlackElo "1708"]

1. d4 d5 2. c4 dxc4 3. e4 e5 4. Nf3 Bb4+ 5. Nc3 Nc6 6. d5 Na5 7. Qa4+ Bd7 8.
Qxb4 b6 9. Nxe5 Nf6 10. Bg5 h6 11. Bh4 g5 12. Bg3 a6 13. O-O-O Bg4 14. f3 Bd7
15. Bxc4 Nxc4 16. Qxc4 O-O 17. h4 b5 18. Qd4 Rb8 19. hxg5 hxg5 20. Nxd7 Rb6 21.
d6 Rxd6 22. Bxd6 cxd6 23. Nxf6+ Kg7 24. Ne8+ Kg6 25. Qg7# 1-0

[Event "AUTO-INT-1621"]
[Site "http://www.queenalice.com/game.php?id=737193"]
[Date "2010.2.24"]
[Round "1"]
[White "Milton"]
[Black "keylanaiumi"]
[Result "1-0"]
[WhiteElo "1442"]
[BlackElo "1692"]

1. d4 d5 2. Bf4 Nf6 3. Nf3 c5 4. e3 Nc6 5. Bb5 Bg4 6. Bxc6+ bxc6 7. dxc5 Qa5+ 8.
Nc3 e6 9. h3 Bxf3 10. Qxf3 Bxc5 11. O-O O-O 12. a3 Be7 13. Qg3 Nh5 14. Qg4 Nxf4
15. Qxf4 Bf6 16. Qd6 Bxc3 17. bxc3 Qxc3 18. Rfc1 Rab8 19. Rab1 Rxb1 20. Rxb1 h6
21. Rb8 Rxb8 22. Qxb8+ Kh7 23. Qxa7 Qe1+ 24. Kh2 1-0

[Event "AUTO-INT-1621"]
[Site "http://www.queenalice.com/game.php?id=737194"]
[Date "2010.2.24"]
[Round "1"]
[White "keylanaiumi"]
[Black "Milton"]
[Result "1-0"]
[WhiteElo "1683"]
[BlackElo "1505"]

1. d4 d5 2. c4 e6 3. Nc3 Nf6 4. Bg5 h6 5. Bxf6 Qxf6 6. cxd5 c5 7. Nf3 b6 8. e4
cxd4 9. Bb5+ Nd7 10. Qxd4 e5 11. Qxe5+ Qxe5 12. Nxe5 Bb4 13. Rc1 a6 14. Bc6 O-O
15. Nxd7 Rd8 16. Bxa8 Bxd7 17. Bc6 g5 18. O-O Bxc6 19. dxc6 Rc8 20. Nd5 Rb8 21.
Nxb4 a5 22. Nd5 1-0

[Event "AUTO-INT-1621"]
[Site "http://www.queenalice.com/game.php?id=737199"]
[Date "2010.2.24"]
[Round "1"]
[White "Rodrigo_Ventura"]
[Black "keylanaiumi"]
[Result "0-1"]
[WhiteElo "1727"]
[BlackElo "1618"]

1. c4 e5 2. Nc3 Nf6 3. g3 Bb4 4. Bg2 O-O 5. Nf3 Nc6 6. Qc2 d5 7. cxd5 Nxd5 8. d3
Nd4 9. Qa4 Nxc3 10. Qxb4 Nc2+ 0-1

[Event "AUTO-INT-1621"]
[Site "http://www.queenalice.com/game.php?id=737200"]
[Date "2010.2.24"]
[Round "1"]
[White "keylanaiumi"]
[Black "Rodrigo_Ventura"]
[Result "1-0"]
[WhiteElo "1664"]
[BlackElo "1486"]

1. d4 Nf6 2. c4 c5 3. d5 b5 4. cxb5 a6 5. bxa6 Bxa6 6. Nc3 d6 7. Nf3 g6 8. g3
Bg7 9. Bg2 Nbd7 10. O-O O-O 11. Qc2 Nb6 12. Rd1 1-0

[Event "AUTO-INT-1668"]
[Site "http://www.queenalice.com/game.php?id=758584"]
[Date "2010.4.9"]
[Round "1"]
[White "Janivgm"]
[Black "keylanaiumi"]
[Result "0-1"]
[WhiteElo "1831"]
[BlackElo "1640"]

1. e4 c5 2. Nf3 Nc6 3. Bc4 e6 4. d4 cxd4 5. Nxd4 Bc5 6. Nxc6 bxc6 7. Nc3 d5 8.
exd5 cxd5 9. Bb5+ Bd7 10. Qg4 Nf6 11. Qxg7 Rg8 12. Qh6 Bxb5 13. Nxb5 Rxg2 14.
Be3 Ng4 15. Qh3 Nxe3 16. fxe3 Rxc2 17. Qxh7 Qa5+ 18. Nc3 Rxb2 19. Qh8+ Kd7 20.
Qxa8 Qxc3+ 21. Kf1 Qd3+ 0-1

[Event "AUTO-INT-1668"]
[Site "http://www.queenalice.com/game.php?id=758600"]
[Date "2010.4.9"]
[Round "1"]
[White "mouderjr"]
[Black "keylanaiumi"]
[Result "1-0"]
[WhiteElo "1849"]
[BlackElo "1708"]

1. d4 Nf6 2. Nc3 d5 3. Bg5 c6 4. Bxf6 exf6 5. Nf3 Bd6 6. e4 O-O 7. Bd3 Re8 8.
O-O Be6 9. a3 Nd7 10. Re1 dxe4 11. Bxe4 Nb6 12. b3 Qc7 13. Qd3 1-0

[Event "AUTO-INT-1668"]
[Site "http://www.queenalice.com/game.php?id=758601"]
[Date "2010.4.9"]
[Round "1"]
[White "keylanaiumi"]
[Black "mouderjr"]
[Result "0-1"]
[WhiteElo "1727"]
[BlackElo "1837"]

1. d4 d5 2. c4 Nf6 3. Nc3 c6 4. Nf3 Bf5 5. cxd5 cxd5 6. Qb3 b6 7. Bf4 Nc6 8. Ne5
Rc8 9. Nxc6 Rxc6 10. e3 Rxc3 11. Qxc3 e6 12. Bb5+ Nd7 0-1

[Event "AUTO-INT-1621"]
[Site "http://www.queenalice.com/game.php?id=834386"]
[Date "2010.9.18"]
[Round "2"]
[White "jamsession"]
[Black "keylanaiumi"]
[Result "0-1"]
[WhiteElo "1849"]
[BlackElo "1713"]

1. e4 c5 2. d4 cxd4 3. Qxd4 Nc6 4. Qa4 Nf6 5. c3 d5 6. e5 Ne4 7. f3 Nc5 8. Qc2
Nxe5 9. Be3 e6 10. Be2 Bd7 11. Nh3 Bd6 12. f4 Ng6 13. O-O O-O 14. Nd2 Rc8 15.
Qb1 Qe7 16. Bd3 a6 17. Bc2 Bc6 18. f5 exf5 19. Bf4 Bxf4 20. Nxf4 Qe3+ 21. Kh1
Nxf4 22. Qd1 d4 23. cxd4 Bxg2# 0-1

[Event "AUTO-INT-1621"]
[Site "http://www.queenalice.com/game.php?id=834387"]
[Date "2010.9.18"]
[Round "2"]
[White "keylanaiumi"]
[Black "jamsession"]
[Result "1-0"]
[WhiteElo "1764"]
[BlackElo "1849"]

1. d4 d5 2. c4 dxc4 3. e4 e6 4. Bxc4 c6 5. Nf3 Nd7 6. Nc3 Be7 7. O-O Nb6 8. Bd3
Bd7 9. Bf4 Nf6 10. Qe2 O-O 11. Rac1 Nh5 12. Be3 Re8 13. Ne5 g6 14. Bc2 f6 15.
Nxd7 Qxd7 16. Bb3 Kh8 17. a4 Bd6 18. a5 Nc8 19. f4 f5 20. Qf3 Bb4 21. exf5 exf5
22. d5 c5 23. Ba4 1-0

[Event "AUTO-INT-1621"]
[Site "http://www.queenalice.com/game.php?id=834388"]
[Date "2010.9.18"]
[Round "2"]
[White "Thanasis"]
[Black "keylanaiumi"]
[Result "0-1"]
[WhiteElo "1968"]
[BlackElo "1681"]

1. c4 e5 2. Nc3 Nf6 3. e3 Nc6 4. d4 exd4 5. exd4 d5 6. Be2 Be7 7. Nf3 O-O 8. Qc2
dxc4 9. Be3 Be6 10. O-O-O Nb4 11. Qd2 Nfd5 12. a3 Nxc3 13. bxc3 Nd5 14. Rde1
Bxa3+ 15. Kd1 Qd7 16. Bxc4 Qa4+ 17. Qc2 Qxc4 18. Ng5 g6 19. Nxe6 fxe6 20. Bh6
Nxc3+ 21. Kd2 Qxd4+ 22. Qd3 Rxf2+ 0-1

[Event "AUTO-INT-1621"]
[Site "http://www.queenalice.com/game.php?id=834389"]
[Date "2010.9.18"]
[Round "2"]
[White "keylanaiumi"]
[Black "Thanasis"]
[Result "1-0"]
[WhiteElo "1736"]
[BlackElo "2016"]

1. d4 d5 2. c4 e6 3. Nc3 Nf6 4. Bg5 Be7 5. Nf3 Nbd7 6. e3 c6 7. cxd5 exd5 8. Bd3
h6 9. Bh4 b6 10. O-O O-O 11. h3 Re8 12. Bg3 Nf8 13. Ne5 Bd7 14. Rc1 Rc8 15. Ba6
Rb8 16. Nxd7 N8xd7 17. Bxb8 Qxb8 18. Ne2 b5 19. Rxc6 Nf8 20. Qc2 Ng6 21. Rc1 Qd8
22. Bxb5 Rf8 23. Rc8 Qa5 24. Bd3 Qxa2 25. Bxg6 fxg6 26. Qxg6 Qxb2 27. Nf4 Ne4
28. R8c2 Qa3 29. Ne6 Bf6 30. Nxf8 Kxf8 31. Rc8+ Ke7 32. Qe8+ 1-0

[Event "AUTO-ADV-2067"]
[Site "http://www.queenalice.com/game.php?id=898626"]
[Date "2011.2.10"]
[Round "1"]
[White "keylanaiumi"]
[Black "DURIN09"]
[Result "0-1"]
[WhiteElo "1769"]
[BlackElo "2045"]

1. d4 d6 2. c4 g6 3. Nf3 Bg7 4. Nc3 Nd7 5. e4 e5 6. d5 Ne7 7. Bd3 O-O 8. O-O h6
9. b4 f5 10. Qc2 b6 11. Bd2 f4 12. Na4 g5 13. c5 Nf6 14. Rfc1 Bd7 15. cxd6 cxd6
16. Qc7 Bxa4 17. Qb7 Bd7 18. Rc7 Bc8 19. Rxc8 Rxc8 20. Re1 Rf7 21. Qa6 Ng6 22.
h3 Rfc7 23. Qa4 g4 24. hxg4 Nxg4 25. Ba6 Rb8 26. Be2 Nh4 27. Qd1 h5 28. a3 Bh6
29. Qb3 Rg7 30. Bf1 Qf6 0-1

[Event "AUTO-ADV-2067"]
[Site "http://www.queenalice.com/game.php?id=898627"]
[Date "2011.2.10"]
[Round "1"]
[White "DURIN09"]
[Black "keylanaiumi"]
[Result "0-1"]
[WhiteElo "2070"]
[BlackElo "1740"]

1. d4 d5 2. Nf3 Nf6 3. e3 e6 4. b3 Nbd7 5. Bb2 c5 6. Nbd2 Be7 7. Bd3 O-O 8. O-O
b6 9. Ne5 Bb7 10. f4 cxd4 11. exd4 Rc8 12. f5 Ne4 13. Rf3 Ndf6 14. Qe2 exf5 15.
Rxf5 Nxd2 16. Qxd2 Ne4 17. Qe3 Bg5 18. Qh3 Rc7 19. Raf1 Bc8 20. Ba3 Re8 21. Bb5
Rxe5 22. dxe5 g6 23. g4 gxf5 24. gxf5 Rxc2 25. e6 fxe6 26. fxe6 Bf6 27. Qf5 Qc7
28. Qh5 Qg7+ 0-1

[Event "AUTO-ADV-2067"]
[Site "http://www.queenalice.com/game.php?id=898628"]
[Date "2011.2.10"]
[Round "1"]
[White "keylanaiumi"]
[Black "afonso092"]
[Result "0-1"]
[WhiteElo "1783"]
[BlackElo "1995"]

1. d4 d5 2. c4 e6 3. Nc3 h6 4. Nf3 Nf6 5. e3 Be7 6. Bd3 dxc4 7. Bxc4 O-O 8. O-O
Nc6 9. e4 a6 10. a3 Nh7 11. b4 Na7 12. Bf4 Bd7 13. Qe2 Ng5 14. Nd2 Nc6 15. Nb3
Bd6 16. e5 Be7 17. Ne4 Nxe4 18. Qxe4 Bg5 19. Bxg5 Qxg5 20. Nc5 Bc8 21. Nxa6 Qd8
0-1

[Event "AUTO-ADV-2067"]
[Site "http://www.queenalice.com/game.php?id=898629"]
[Date "2011.2.10"]
[Round "1"]
[White "afonso092"]
[Black "keylanaiumi"]
[Result "1-0"]
[WhiteElo "1987"]
[BlackElo "1791"]

1. e4 c5 2. Nf3 g6 3. d4 cxd4 4. Qxd4 Nf6 5. e5 Nc6 6. Qc4 d5 7. Qh4 Ng4 8. Bb5
Bg7 9. Bxc6+ bxc6 10. O-O Nxe5 11. Nxe5 Bxe5 12. c3 O-O 13. Bh6 Bg7 14. Bxg7
Kxg7 15. Nd2 Qc7 16. Rfe1 e5 17. Nf3 f6 18. h3 c5 19. Rad1 d4 20. cxd4 cxd4 21.
Nd2 Be6 22. Rc1 1-0

[Event "AUTO-ADV-2067"]
[Site "http://www.queenalice.com/game.php?id=898630"]
[Date "2011.2.10"]
[Round "1"]
[White "keylanaiumi"]
[Black "PedroNRF"]
[Result "0-1"]
[WhiteElo "1758"]
[BlackElo "1715"]

1. d4 d5 2. c4 c5 3. cxd5 c4 4. Nc3 h6 5. e4 b5 6. Nxb5 a6 7. Nc3 Nf6 8. Bxc4
Bd7 9. Nf3 Bg4 10. O-O Ra7 11. Bf4 Nbd7 12. Qd3 g5 13. Bg3 Bg7 14. Ne5 Qc8 15.
Rfc1 Nh5 16. Nxg4 O-O 17. Bb3 Ra8 18. d6 e6 19. Nb5 Qb7 20. Nc7 Rac8 21. Rc2
Rfd8 22. Nxe6 Re8 23. Nxg7 Rxc2 24. Nxe8 Rc8 25. Nc7 Nxg3 26. hxg3 Kg7 27. Qf3
Rf8 28. Ne8+ Kg6 0-1

[Event "AUTO-ADV-2067"]
[Site "http://www.queenalice.com/game.php?id=898631"]
[Date "2011.2.10"]
[Round "1"]
[White "PedroNRF"]
[Black "keylanaiumi"]
[Result "1-0"]
[WhiteElo "1742"]
[BlackElo "1775"]

1. e4 c5 2. Bc4 Nc6 3. c3 e6 4. d4 cxd4 5. cxd4 d5 6. Bb5 dxe4 7. a3 Nf6 8. Be3
Be7 9. Nc3 O-O 10. Nge2 Nd5 11. Bxc6 bxc6 12. Nxe4 Qb6 13. Bd2 Qxb2 14. a4 Ba6
15. Rb1 Qa3 16. a5 1-0